[Event "Druga liga Srbije grupa Vojvodina 2015"]
[Site "Novi Sad"]
[Date "2015.11.10"]
[Round "1.1"]
[White "Jacimovic, Dragoljub"]
[Black "Kazakov, Mikhail"]
[Result "0-1"]
[WhiteElo "2409"]
[BlackElo "2488"]
[PlyCount "68"]
[EventDate "2015.11.10"]

1. d4 Nf6 2. c4 g6 3. Nc3 d5 4. Nf3 Bg7 5. e3 O-O 6. Qb3 e6 7. Bd2 Nc6 8. cxd5
exd5 9. Rc1 Ne7 10. Be2 c6 11. O-O Nf5 12. Na4 Nd6 13. Bb4 Nfe4 14. Ne5 Re8 15.
f3 Ng5 16. Qa3 Bf8 17. Nb6 Nb5 18. Bxb5 Bxb4 19. Qxb4 Qxb6 20. h4 Ne6 21. Ng4
Kg7 22. Qd6 Qd8 23. Qg3 cxb5 24. h5 Nf8 25. hxg6 hxg6 26. Rc7 Bxg4 27. fxg4 Re7
28. Rfc1 Rxc7 29. Rxc7 Rc8 30. Rxb7 Rc1+ 31. Kh2 a6 32. g5 Rc6 33. Qf4 Nd7 34.
Qg4 Rc7 0-1

[Event "Druga liga Srbije grupa Vojvodina 2015"]
[Site "Novi Sad"]
[Date "2015.11.10"]
[Round "1.1"]
[White "Ratkovic, Miloje"]
[Black "Vlahovic, Bogdan"]
[Result "1-0"]
[WhiteElo "2388"]
[BlackElo "2321"]
[PlyCount "81"]
[EventDate "2015.11.10"]

1. d4 e6 2. Nf3 b6 3. Bf4 Bb7 4. e3 f5 5. h3 Nf6 6. Nbd2 Bd6 7. Bxd6 cxd6 8.
Bd3 O-O 9. Qe2 Ne4 10. O-O-O Qe7 11. Rhg1 Nxd2 12. Nxd2 Nc6 13. c3 d5 14. f4
Rac8 15. Kb1 Qe8 16. g4 Ne7 17. Nf3 Rc7 18. Rg2 Bc8 19. Rdg1 d6 20. Qe1 Kh8 21.
Ka1 Ng8 22. Nh4 Rf6 23. Qg3 Ne7 24. Nf3 Ng6 25. Qh2 Re7 26. h4 fxg4 27. Rxg4 e5
28. Bxg6 hxg6 29. Rg5 Kg8 30. dxe5 dxe5 31. Nxe5 Bf5 32. h5 Rxe5 33. fxe5 Re6
34. hxg6 Bxg6 35. Qg3 Kh7 36. Rg4 Qc6 37. Qh4+ Kg8 38. Qd8+ Re8 39. Qd6 Qxd6
40. exd6 Bf7 41. Rxg7+ 1-0

[Event "Druga liga Srbije grupa Vojvodina 2015"]
[Site "Novi Sad"]
[Date "2015.11.10"]
[Round "1.1"]
[White "Radlovacki, Jovan"]
[Black "Leskur, Dejan"]
[Result "1/2-1/2"]
[WhiteElo "2381"]
[BlackElo "2376"]
[PlyCount "20"]
[EventDate "2015.11.10"]

1. e4 g6 2. d4 Bg7 3. Nc3 d6 4. Be3 a6 5. Qd2 Nd7 6. h4 h5 7. Nh3 b5 8. Ng5 Bb7
9. O-O-O Rc8 10. f4 Nh6 1/2-1/2

[Event "Druga liga Srbije grupa Vojvodina 2015"]
[Site "Novi Sad"]
[Date "2015.11.10"]
[Round "1.1"]
[White "Popov, Sinisa S"]
[Black "Marinovic, Bozidar"]
[Result "1-0"]
[WhiteElo "2443"]
[BlackElo "2391"]
[PlyCount "67"]
[EventDate "2015.11.10"]

1. d4 d6 2. g3 e5 3. dxe5 dxe5 4. Qxd8+ Kxd8 5. Bg2 c6 6. Nc3 Be6 7. f4 Nd7 8.
Nf3 f6 9. fxe5 Nxe5 10. Bf4 Nxf3+ 11. exf3 Ke8 12. O-O-O Ne7 13. Rhe1 Kf7 14.
Rd6 Bf5 15. g4 Bc8 16. Rd8 Ng6 17. Bf1 b5 18. Ree8 Be7 19. Rxh8 Bxd8 20. Rxd8
Nxf4 21. Rd6 Ke7 22. Rxc6 a6 23. a4 b4 24. Ne4 a5 25. Rc7+ Kf8 26. Bc4 Be6 27.
b3 Bd5 28. Rc5 Bxe4 29. fxe4 Ra7 30. e5 fxe5 31. Rxe5 Ng6 32. Rf5+ Ke8 33. c3
bxc3 34. Kc2 1-0

[Event "Druga liga Srbije grupa Vojvodina 2015"]
[Site "Novi Sad"]
[Date "2015.11.10"]
[Round "1.1"]
[White "Drazic, Sinisa"]
[Black "Besedes, Danilo"]
[Result "1/2-1/2"]
[WhiteElo "2426"]
[BlackElo "2294"]
[PlyCount "240"]
[EventDate "2015.11.10"]

1. d4 d5 2. c4 e6 3. Nc3 Be7 4. Nf3 Nf6 5. Bf4 O-O 6. e3 c5 7. cxd5 exd5 8.
dxc5 Qa5 9. Nd2 Qxc5 10. Rc1 Qb6 11. Nb3 Nc6 12. Be2 Be6 13. O-O Rac8 14. Na4
Qb4 15. Nbc5 Bxc5 16. Nxc5 Ne4 17. a3 Qxb2 18. Rb1 Qa2 19. Nxe4 dxe4 20. Re1
Rfd8 21. Qa4 Rd2 22. Bf1 Rxf2 23. Rxb7 Rc2 24. Rd1 h6 25. Qxe4 Rd2 26. Rxd2
Qxd2 27. h3 Bd5 28. Qf5 Be6 29. Qd3 Qe1 30. Qe2 Qc3 31. Qb2 Qe1 32. Qf2 Qc3 33.
Qg3 Kh8 34. Bb5 Qxa3 35. Kh2 Qf8 36. Bd6 Qd8 37. Bc7 Qd7 38. Be5 Nxe5 39. Bxd7
Nxd7 40. Rxa7 Nf6 41. Rc7 Rd8 42. Qe1 Bd5 43. Qc1 Kh7 44. Qd1 Ra8 45. Qc2+ Be4
46. Qc4 Bd5 47. Qd3+ Be4 48. Qd2 Kg8 49. Rc4 Re8 50. Rd4 Kh7 51. Rd8 Re6 52.
Qd4 Re7 53. Qc5 Rb7 54. Rd4 Bg6 55. Qe5 Rb2 56. Rf4 Rd2 57. Kg1 Rd1+ 58. Rf1
Rd2 59. g4 Ra2 60. Rf2 Ra6 61. Kh2 Re6 62. Qd4 Re4 63. Qc5 Re6 64. Qa7 Re5 65.
Rf3 Rb5 66. Qd4 Rd5 67. Qc4 Rd2+ 68. Kg1 Rd1+ 69. Kf2 Rd2+ 70. Ke1 Rc2 71. Qa4
Rc5 72. Kf2 Rc2+ 73. Kg1 Rc5 74. Qa3 Re5 75. Qc3 Rd5 76. Rxf6 gxf6 77. Qxf6 h5
78. g5 Rf5 79. Qe7 Rb5 80. Kf2 Rb2+ 81. Kf3 Rb6 82. Kf4 Re6 83. Qb4 Re8 84. Kf3
Re5 85. h4 Rf5+ 86. Ke2 Re5 87. Qb8 Re4 88. Qg3 Rg4 89. Qe1 Re4 90. Kd2 Rc4 91.
Kd1 Ra4 92. Qg3 Rg4 93. Qh3 Rc4 94. Qh2 Ra4 95. Kc1 Rb4 96. Qh3 Rb5 97. Qg3 Rb4
98. Kd2 Rc4 99. Ke2 Rc2+ 100. Kf3 Rc4 101. Qe1 Re4 102. Qf2 Rc4 103. Qg3 Re4
104. Qe1 Rc4 105. Ke2 Rc2+ 106. Kd1 Rc4 107. Qh1 Rb4 108. Qh3 Rc4 109. Qg3 Rg4
110. Qe1 Ra4 111. Kd2 Rc4 112. Ke2 Rc2+ 113. Kf3 Rc4 114. e4 Rxe4 115. Qxe4
Bxe4+ 116. Kxe4 Kg6 117. Ke5 Kg7 118. Kf5 Kg8 119. Ke4 Kg7 120. Ke5 Kg6 1/2-1/2

[Event "Druga liga Srbije grupa Vojvodina 2015"]
[Site "Novi Sad"]
[Date "2015.11.10"]
[Round "1.1"]
[White "Bodiroga, Predrag"]
[Black "Jovic, Stevan"]
[Result "0-1"]
[WhiteElo "2350"]
[BlackElo "2156"]
[PlyCount "96"]
[EventDate "2015.11.10"]

1. d4 d5 2. c4 c6 3. Nc3 Nf6 4. e3 e6 5. Nf3 Nbd7 6. Qc2 Bd6 7. b3 O-O 8. Be2
Qe7 9. O-O Re8 10. Rd1 dxc4 11. bxc4 e5 12. Rb1 exd4 13. exd4 Nf8 14. h3 Ng6
15. Bf1 h6 16. Be3 b6 17. a4 Bd7 18. Re1 Qd8 19. a5 bxa5 20. c5 Bc7 21. Bd3 Nf4
22. Bxf4 Bxf4 23. Rxe8+ Bxe8 24. Bc4 Rb8 25. Re1 Rb4 26. Ba2 Kf8 27. Ne2 Bc7
28. Nc1 Bd7 29. Ne5 Be8 30. Nf3 Bd7 31. Ne5 Bxe5 32. dxe5 Nd5 33. Bxd5 cxd5 34.
c6 Rc4 35. Qh7 Rxc6 36. Qh8+ Ke7 37. Qxd8+ Kxd8 38. Nd3 g5 39. Ra1 Rc3 40. Nb2
Rb3 41. Na4 Rb4 42. Nc5 a4 43. Ra3 Rc4 44. Nb7+ Ke7 45. Nd6 Rc1+ 46. Kh2 f6 47.
e6 Kxe6 48. Nb7 d4 0-1

[Event "Druga liga Srbije grupa Vojvodina 2015"]
[Site "Novi Sad"]
[Date "2015.11.10"]
[Round "1.2"]
[White "Rogac, Srdjan"]
[Black "Almasi, Istvan"]
[Result "0-1"]
[WhiteElo "2362"]
[BlackElo "2433"]
[PlyCount "84"]
[EventDate "2015.11.10"]

1. e4 g6 2. d4 Bg7 3. Nc3 d6 4. f4 a6 5. Nf3 b5 6. Bd3 Nd7 7. e5 c5 8. exd6
cxd4 9. dxe7 Nxe7 10. Ne4 O-O 11. O-O Qc7 12. Qe1 Bb7 13. Qh4 Rae8 14. Neg5 h6
15. f5 Nxf5 16. Bxf5 gxf5 17. Bf4 Qxc2 18. Nh3 Re2 19. Qg3 Kh8 20. Rac1 Qe4 21.
Nf2 Qe6 22. Rc7 Be4 23. Qh3 Bxf3 24. Qxf3 Nf6 25. Rc6 Qd5 26. Qxe2 Qxc6 27. Rc1
Qd5 28. Qe5 Re8 29. Qxd5 Nxd5 30. Nd3 Re2 31. Rc6 Ne3 32. h3 Rxg2+ 33. Kh1 Rd2
34. Ne5 Rxb2 35. Rxa6 Nd5 36. Nxf7+ Kg8 37. Nxh6+ Bxh6 38. Bxh6 d3 39. Ra7 d2
40. Rg7+ Kh8 41. Rg1 Kh7 42. Bg7 Rc2 0-1

[Event "Druga liga Srbije grupa Vojvodina 2015"]
[Site "Novi Sad"]
[Date "2015.11.10"]
[Round "1.2"]
[White "Tancik, Kristijan"]
[Black "Grujic, Zoran"]
[Result "1/2-1/2"]
[WhiteElo "2272"]
[BlackElo "2323"]
[PlyCount "43"]
[EventDate "2015.11.10"]

1. d4 Nf6 2. c4 g6 3. Nc3 Bg7 4. e4 d6 5. Be2 O-O 6. Bg5 a6 7. Nf3 Nbd7 8. Qd2
e5 9. O-O c6 10. Rad1 Qb6 11. Rfe1 Re8 12. Bf1 Qa5 13. a3 exd4 14. Nxd4 Ng4 15.
Nc2 Qb6 16. Ne3 Nc5 17. Nxg4 Bxg4 18. Rb1 Qc7 19. f3 Be6 20. Be3 Rad8 21. b4
Nd7 22. Rbc1 1/2-1/2

[Event "Druga liga Srbije grupa Vojvodina 2015"]
[Site "Novi Sad"]
[Date "2015.11.10"]
[Round "1.2"]
[White "Savanovic, Vuk"]
[Black "Bulajic, Ratko"]
[Result "1-0"]
[WhiteElo "2279"]
[BlackElo "2325"]
[PlyCount "81"]
[EventDate "2015.11.10"]

1. e4 c5 2. Nf3 d6 3. d4 cxd4 4. Nxd4 Nf6 5. Nc3 a6 6. f3 e5 7. Nb3 Be6 8. Be3
Nbd7 9. Qd2 Be7 10. O-O-O b5 11. g4 h6 12. Kb1 Nb6 13. Qf2 Nfd7 14. h4 Rc8 15.
Nd5 Bxd5 16. exd5 Nc4 17. Bxc4 bxc4 18. Nc1 O-O 19. g5 h5 20. f4 exf4 21. Qxf4
Ne5 22. Bd4 Qc7 23. Ne2 g6 24. Nc3 f5 25. gxf6 Rxf6 26. Qe4 Kh7 27. Rhg1 Rcf8
28. Bxe5 dxe5 29. Rg5 Rf5 30. Rg2 R8f6 31. a3 Qa5 32. Qxc4 Rf4 33. Qa2 Rb6 34.
d6 Bxd6 35. Nd5 Rd4 36. Nf6+ Kh6 37. Rdg1 Rg4 38. Nxg4+ hxg4 39. Ka1 Bc5 40.
Qg8 Rb7 41. Rxg4 1-0

[Event "Druga liga Srbije grupa Vojvodina 2015"]
[Site "Novi Sad"]
[Date "2015.11.10"]
[Round "1.2"]
[White "Djacanin, Goran"]
[Black "Tokovic, Svetozar"]
[Result "1/2-1/2"]
[WhiteElo "2178"]
[BlackElo "2254"]
[PlyCount "23"]
[EventDate "2015.11.10"]

1. e4 c5 2. Nc3 Nc6 3. f4 g6 4. Nf3 Bg7 5. Bc4 a6 6. f5 Ne5 7. Nxe5 Bxe5 8. Qf3
e6 9. d3 Qc7 10. fxe6 dxe6 11. Ne2 Ne7 12. O-O 1/2-1/2

[Event "Druga liga Srbije grupa Vojvodina 2015"]
[Site "Novi Sad"]
[Date "2015.11.10"]
[Round "1.2"]
[White "Strangar, Zlatko"]
[Black "Cabarkapa, Velibor"]
[Result "1/2-1/2"]
[WhiteElo "2246"]
[BlackElo "2316"]
[PlyCount "68"]
[EventDate "2015.11.10"]

1. e4 c5 2. Nf3 e6 3. d3 d5 4. Nbd2 Nc6 5. g3 Nge7 6. Bg2 g6 7. O-O Bg7 8. Re1
Qc7 9. exd5 exd5 10. Nb3 b6 11. Bf4 Qd8 12. d4 c4 13. Nbd2 O-O 14. Ne5 Be6 15.
c3 Rc8 16. h4 Re8 17. h5 Nxe5 18. Bxe5 Qd7 19. Bxg7 Kxg7 20. Nf3 f6 21. Qd2
gxh5 22. Re2 Ng6 23. Rae1 Bf7 24. Kh2 Rxe2 25. Rxe2 Re8 26. Rxe8 Qxe8 27. Nh4
Qe6 28. Qe3 Nxh4 29. Qxe6 Bxe6 30. gxh4 f5 31. Kg3 Kf6 32. Kf4 h6 33. Bf3 Bf7
34. Bd1 Be8 1/2-1/2

[Event "Druga liga Srbije grupa Vojvodina 2015"]
[Site "Novi Sad"]
[Date "2015.11.10"]
[Round "1.3"]
[White "Petakov, Uros"]
[Black "Indjic, Dusan"]
[Result "1/2-1/2"]
[WhiteElo "2335"]
[BlackElo "2281"]
[PlyCount "21"]
[EventDate "2015.11.10"]

1. d4 Nf6 2. Nf3 e6 3. e3 b6 4. Nbd2 Bb7 5. Bd3 c5 6. O-O Be7 7. b3 cxd4 8.
exd4 O-O 9. Bb2 d6 10. Qe2 Nbd7 11. c4 1/2-1/2

[Event "Druga liga Srbije grupa Vojvodina 2015"]
[Site "Novi Sad"]
[Date "2015.11.10"]
[Round "1.3"]
[White "Stamenkovic, Aleksandar"]
[Black "Kokeza, Mirko"]
[Result "1-0"]
[WhiteElo "2258"]
[BlackElo "2253"]
[PlyCount "59"]
[EventDate "2015.11.10"]

1. d4 g6 2. Nf3 Bg7 3. c4 d6 4. Nc3 Nc6 5. h3 e5 6. e3 Nge7 7. d5 Nb8 8. e4 f5
9. Be2 O-O 10. g4 Na6 11. gxf5 gxf5 12. Bg5 h6 13. Be3 Ng6 14. Rg1 Nf4 15. Bxf4
exf4 16. e5 dxe5 17. Nxe5 Qf6 18. Ng6 f3 19. Bxf3 Re8+ 20. Kf1 f4 21. Bg4 Qxg6
22. Bxc8 Qf6 23. Be6+ Kh8 24. Qh5 Rxe6 25. dxe6 Qxe6 26. Nd5 Re8 27. Rg6 Qe4
28. Nf6 Qxc4+ 29. Kg1 Rg8 30. Kh2 1-0

[Event "Druga liga Srbije grupa Vojvodina 2015"]
[Site "Novi Sad"]
[Date "2015.11.10"]
[Round "1.3"]
[White "Majstorovic, Stanko"]
[Black "Stanojevic, Branko"]
[Result "1/2-1/2"]
[WhiteElo "2218"]
[BlackElo "2229"]
[PlyCount "111"]
[EventDate "2015.11.10"]

1. e4 e6 2. d4 d5 3. Nd2 c5 4. Ngf3 cxd4 5. Nxd4 Nc6 6. Nxc6 bxc6 7. Be2 Nf6 8.
c3 Bd6 9. O-O Qc7 10. h3 O-O 11. Qc2 a5 12. Re1 c5 13. Bf3 Bb7 14. c4 Rfe8 15.
b3 Be5 16. Rb1 d4 17. Be2 Bf4 18. Bd3 e5 19. g3 Bxd2 20. Bxd2 Qd7 21. Kh2 Ra6
22. Qd1 Bc8 23. Bf1 h6 24. Bg2 Nh7 25. Qh5 Nf6 26. Qe2 Bb7 27. Qd3 g5 28. Rf1
Qe6 29. Rbe1 a4 30. f4 axb3 31. fxg5 hxg5 32. axb3 Nh7 33. Rf2 Qg6 34. Ref1
Ree6 35. Rf5 Ra2 36. R1f2 Rf6 37. Qb1 Raa6 38. Qc1 Ra2 39. g4 Bc8 40. Qb1 Raa6
41. R5f3 Bb7 42. Rxf6 Rxf6 43. Rf5 Rxf5 44. gxf5 Qh5 45. Qd3 Qh4 46. Qg3 Qxg3+
47. Kxg3 Nf6 48. Bxg5 Nxe4+ 49. Bxe4 Bxe4 50. Bf6 Bc2 51. Bxe5 d3 52. Bc3 Bxb3
53. f6 Bxc4 54. Kf4 Kh7 55. Kg5 Bd5 56. h4 1/2-1/2

[Event "Druga liga Srbije grupa Vojvodina 2015"]
[Site "Novi Sad"]
[Date "2015.11.10"]
[Round "1.3"]
[White "Kovacevic, Dragan"]
[Black "Vukovic, Miroslav R"]
[Result "1-0"]
[WhiteElo "2265"]
[BlackElo "2157"]
[PlyCount "137"]
[EventDate "2015.11.10"]

1. e4 c6 2. d4 d5 3. exd5 cxd5 4. Bd3 Nc6 5. c3 Nf6 6. h3 e5 7. dxe5 Nxe5 8.
Bb5+ Bd7 9. Bxd7+ Qxd7 10. Nf3 Bd6 11. O-O O-O 12. Nbd2 Rfe8 13. Nxe5 Bxe5 14.
Nf3 Rad8 15. Bg5 Qf5 16. Qa4 Bb8 17. Rad1 Re6 18. Rfe1 h6 19. Be3 Qh5 20. Qb5
Ne4 21. c4 Rg6 22. Kf1 Rgd6 23. Qxb7 dxc4 24. Rd4 Rxd4 25. Bxd4 Nd6 26. Qb4 Qb5
27. Bc3 Bc7 28. Re5 Qxb4 29. Bxb4 Rb8 30. Bxd6 Bxd6 31. Re2 a5 32. Rc2 f5 33.
Nd2 Bb4 34. Nxc4 Re8 35. g3 a4 36. Ne3 Re5 37. Nc4 Re4 38. Ne3 Re5 39. Rc4 Rb5
40. Nxf5 a3 41. bxa3 Bxa3 42. Nd4 Rb1+ 43. Ke2 Ra1 44. Rc2 g5 45. Kf3 Kf7 46.
Kg4 Bf8 47. Rc7+ Kf6 48. Rc6+ Kf7 49. Rc2 Kg6 50. Rc6+ Kf7 51. Ra6 Bc5 52. Nf5
Bxf2 53. Nxh6+ Ke8 54. Nf5 Rg1 55. Ra3 Bc5 56. Rc3 Bb4 57. Rc4 Be1 58. Rc1 Kf7
59. a4 Kf6 60. a5 Bf2 61. Rc6+ Kf7 62. a6 Ra1 63. Kxg5 Ra3 64. Kf4 Ra4+ 65. Kf3
Bg1 66. Nh4 Ra3+ 67. Kf4 Bf2 68. Nf5 Ra4+ 69. Kg5 1-0

[Event "Druga liga Srbije grupa Vojvodina 2015"]
[Site "Novi Sad"]
[Date "2015.11.10"]
[Round "1.3"]
[White "Tomic, Vjekoslav"]
[Black "Kovacevic, Djordje"]
[Result "1/2-1/2"]
[WhiteElo "2232"]
[BlackElo "2089"]
[PlyCount "102"]
[EventDate "2015.11.10"]

1. e4 Nf6 2. e5 Nd5 3. d4 Nb6 4. Bd3 d5 5. exd6 Qxd6 6. h3 g6 7. Nf3 Bg7 8. O-O
O-O 9. Nc3 Nc6 10. Ne4 Qd8 11. c3 Bf5 12. Bf4 a5 13. Re1 a4 14. a3 Re8 15. Qc2
Na5 16. Rad1 Nbc4 17. Nfg5 h6 18. Nf3 c6 19. Qe2 b5 20. Ne5 Nd6 21. Qf3 Bxe4
22. Bxe4 Nxe4 23. Rxe4 Qd5 24. Qe2 Nc4 25. Nxc4 Qxc4 26. Qxc4 bxc4 27. d5 Red8
28. Rxe7 cxd5 29. Bc7 Re8 30. Rxe8+ Rxe8 31. Rxd5 Re1+ 32. Kh2 Re2 33. Rb5 Rxf2
34. Rb4 g5 35. Kg3 Rd2 36. Rxa4 Rxb2 37. Rxc4 Rb3 38. a4 Bxc3 39. Kf2 f5 40.
Ke2 f4 41. Kd1 Bf6 42. a5 Ra3 43. Rc6 Kf7 44. a6 Bd4 45. Bb8 h5 46. Kc2 Rg3 47.
Rc4 Rxg2+ 48. Kb3 Be3 49. Re4 Bg1 50. Re1 Rg3+ 51. Kc2 Rg2+ 1/2-1/2

[Event "Druga liga Srbije grupa Vojvodina 2015"]
[Site "Novi Sad"]
[Date "2015.11.10"]
[Round "1.3"]
[White "Skoko, Milan"]
[Black "Curakovic, Dragan"]
[Result "1-0"]
[WhiteElo "2169"]
[BlackElo "2113"]
[PlyCount "53"]
[EventDate "2015.11.10"]

1. e4 e6 2. d4 d5 3. Nd2 dxe4 4. Nxe4 Nf6 5. Nxf6+ Qxf6 6. Nf3 h6 7. Bd3 c5 8.
Be3 Nd7 9. c3 cxd4 10. Bxd4 Qd8 11. Qe2 Nf6 12. Bb5+ Nd7 13. Ne5 Bd6 14. Nxd7
Bxd7 15. Rd1 O-O 16. Bxd7 Qxd7 17. Be5 Qc6 18. Bxd6 Qxg2 19. Rf1 Rfd8 20. f3
Qh3 21. Rg1 Rd7 22. Rxg7+ Kxg7 23. Be5+ Kg8 24. Rxd7 Rf8 25. Qe4 Qf5 26. Qg4+
Qxg4 27. fxg4 1-0

[Event "Druga liga Srbije grupa Vojvodina 2015"]
[Site "Novi Sad"]
[Date "2015.11.10"]
[Round "1.4"]
[White "Ivic, Velimir"]
[Black "Pezelj, Novak"]
[Result "0-1"]
[WhiteElo "2268"]
[BlackElo "2420"]
[PlyCount "52"]
[EventDate "2015.11.10"]

1. e4 g6 2. d4 Bg7 3. Nc3 d5 4. Nxd5 c6 5. Nc3 Bxd4 6. Nge2 Bb6 7. Qxd8+ Bxd8
8. e5 Bb6 9. Na4 Bc7 10. f4 f6 11. exf6 Nxf6 12. Nc5 Nbd7 13. Ne6 Bd6 14. b3
Nb6 15. Ng5 Nbd5 16. g3 e5 17. Bb2 Ng4 18. Nf3 O-O 19. Nxe5 Bxe5 20. Bxe5 Bf5
21. Nd4 Nxe5 22. fxe5 Rae8 23. Kd2 Be4 24. Rg1 Rf2+ 25. Be2 c5 26. Nb5 Bf3 0-1

[Event "Druga liga Srbije grupa Vojvodina 2015"]
[Site "Novi Sad"]
[Date "2015.11.10"]
[Round "1.4"]
[White "Varga, Zoltan"]
[Black "Azaric, Slavko"]
[Result "1/2-1/2"]
[WhiteElo "2447"]
[BlackElo "2336"]
[PlyCount "51"]
[EventDate "2015.11.10"]

1. e4 e5 2. Nf3 Nc6 3. Bb5 a6 4. Ba4 Nge7 5. c4 Ng6 6. h4 Bc5 7. d3 h6 8. Nc3
Nd4 9. h5 Nf8 10. Nxe5 b5 11. cxb5 axb5 12. Nxb5 Nxb5 13. Bxb5 Bxf2+ 14. Kxf2
Qf6+ 15. Nf3 Qb6+ 16. Be3 Qxb5 17. Qc2 Ne6 18. d4 d5 19. a4 Qb7 20. e5 O-O 21.
Rhb1 f6 22. Kg1 Ng5 23. Nh4 fxe5 24. Ng6 Rf7 25. Bxg5 Bf5 26. Ne7+ 1/2-1/2

[Event "Druga liga Srbije grupa Vojvodina 2015"]
[Site "Novi Sad"]
[Date "2015.11.10"]
[Round "1.4"]
[White "Sekulic, Dusan"]
[Black "Jesenski, Tibor"]
[Result "0-1"]
[WhiteElo "2259"]
[BlackElo "2341"]
[PlyCount "40"]
[EventDate "2015.11.10"]

1. d4 d5 2. Nf3 Nf6 3. c4 e6 4. e3 Be7 5. Nbd2 O-O 6. Bd3 c5 7. O-O Nc6 8. a3
b6 9. dxc5 bxc5 10. Qc2 Bb7 11. e4 dxe4 12. Nxe4 Nd4 13. Nxd4 Qxd4 14. Nxf6+
gxf6 15. Bxh7+ Kh8 16. Bh6 Bxg2 17. Bxf8 Bf3 18. h3 Rxf8 19. Rad1 Qh4 20. Kh2
Qf4+ 0-1

[Event "Druga liga Srbije grupa Vojvodina 2015"]
[Site "Novi Sad"]
[Date "2015.11.10"]
[Round "1.4"]
[White "Farkas, Tibor"]
[Black "Mastrapovic, Vladimir"]
[Result "1-0"]
[WhiteElo "2254"]
[BlackElo "2288"]
[PlyCount "51"]
[EventDate "2015.11.10"]

1. e4 c5 2. Nf3 Nc6 3. d4 cxd4 4. Nxd4 Nf6 5. Nc3 e5 6. Ndb5 d6 7. Bg5 a6 8.
Na3 b5 9. Bxf6 gxf6 10. Nd5 f5 11. Bd3 Be6 12. O-O Bg7 13. Qh5 f4 14. c4 bxc4
15. Bxc4 O-O 16. Rac1 Rb8 17. b3 Kh8 18. Nxf4 Bxc4 19. Rxc4 Na5 20. Ra4 Nxb3
21. axb3 exf4 22. Rxa6 Rxb3 23. Qd5 Rb4 24. Nc4 f3 25. Nxd6 fxg2 26. Nxf7+ 1-0

[Event "Druga liga Srbije grupa Vojvodina 2015"]
[Site "Novi Sad"]
[Date "2015.11.10"]
[Round "1.4"]
[White "Vidic, Stevan"]
[Black "Grcic, Vukasin"]
[Result "1-0"]
[WhiteElo "2287"]
[BlackElo "1964"]
[PlyCount "137"]
[EventDate "2015.11.10"]

1. d4 Nf6 2. Nf3 e6 3. c4 b6 4. g3 Bb7 5. Bg2 Be7 6. O-O O-O 7. Nc3 Ne4 8. Qc2
Nxc3 9. bxc3 d6 10. Ng5 Bxg5 11. Bxb7 Bxc1 12. Bxa8 Nd7 13. Bc6 Bg5 14. Qa4 Nb8
15. Bg2 a6 16. Rad1 Qd7 17. Qxd7 Nxd7 18. Bc6 Nb8 19. Ba4 f5 20. f4 Bf6 21.
Rfe1 e5 22. e4 exf4 23. gxf4 Bh4 24. Re2 fxe4 25. Rxe4 Kf7 26. Rf1 a5 27. Bb5
Rd8 28. Rf3 Bf6 29. Kf1 Nd7 30. Ke2 Nf8 31. Bc6 Ng6 32. Rfe3 Ne7 33. Bd5+ Kf8
34. Be6 b5 35. d5 Rb8 36. cxb5 Rxb5 37. Rc4 Rb7 38. Rd3 Ke8 39. Kd1 Kd8 40. Kc2
Rb5 41. Rd1 Nc8 42. Rb1 Rxb1 43. Kxb1 Nb6 44. Rc6 Na4 45. Ra6 Nxc3+ 46. Kc2 a4
47. a3 Ke7 48. Kd3 h6 49. f5 Be5 50. Kc4 Nd1 51. h3 Kf6 52. Ra7 Kg5 53. Rxc7
Kh4 54. Kb4 Nb2 55. Rc2 Kg5 56. Bd7 Nd3+ 57. Ka5 Nf4 58. Kxa4 Nxd5 59. Be6 Ne3
60. Rd2 Bf4 61. Rd3 Nxf5 62. Kb5 Ne3 63. a4 Kf6 64. Bd5 Ke5 65. Bf3 d5 66. a5
d4 67. a6 Nf5 68. a7 Nd6+ 69. Kc5 1-0

[Event "Druga liga Srbije grupa Vojvodina 2015"]
[Site "Novi Sad"]
[Date "2015.11.10"]
[Round "1.5"]
[White "Popovic, Milan S"]
[Black "Milanovic, Stanko"]
[Result "1-0"]
[WhiteElo "2221"]
[BlackElo "2178"]
[PlyCount "59"]
[EventDate "2015.11.10"]

1. e4 c5 2. Nf3 Nc6 3. Bb5 Qc7 4. O-O d6 5. h3 Bd7 6. Re1 e5 7. c3 h6 8. d4 Be7
9. b4 cxd4 10. cxd4 Nf6 11. Bb2 Nxb4 12. dxe5 Bxb5 13. exf6 gxf6 14. Nc3 Bc6
15. Nd5 Bxd5 16. exd5 Kd8 17. Nd4 Re8 18. Qd2 Na6 19. Nf5 Bf8 20. Bxf6+ Kd7 21.
Nxh6 Rxe1+ 22. Rxe1 Re8 23. Nxf7 Nc5 24. Ng5 Qc8 25. Qd1 Kc7 26. Bd4 Rxe1+ 27.
Qxe1 b6 28. Bxc5 bxc5 29. Qe6 Qd8 30. Qf7+ 1-0

[Event "Druga liga Srbije grupa Vojvodina 2015"]
[Site "Novi Sad"]
[Date "2015.11.10"]
[Round "1.5"]
[White "Vasic, Lazar"]
[Black "Parezanin, Darko"]
[Result "0-1"]
[WhiteElo "2059"]
[BlackElo "2290"]
[PlyCount "84"]
[EventDate "2015.11.10"]

1. e4 c5 2. Nf3 Nc6 3. d4 cxd4 4. Nxd4 Nf6 5. Nc3 e5 6. Nxc6 bxc6 7. Bd3 Bc5 8.
O-O d6 9. Na4 Bb4 10. a3 Ba5 11. b4 Bc7 12. Bg5 h6 13. Bh4 g5 14. Bg3 h5 15. f3
h4 16. Bf2 Be6 17. Be3 Nh5 18. c4 Nf4 19. Kh1 Bb6 20. Bxb6 axb6 21. Nc3 Rg8 22.
Ne2 Qf6 23. h3 Bxh3 24. gxh3 Qe6 25. Ng1 Nxh3 26. Kh2 Nf4 27. Be2 Ke7 28. Rf2
f5 29. exf5 Qxf5 30. Bf1 Raf8 31. Bh3 Qf7 32. Rd2 Nxh3 33. Kxh3 Qf4 34. Rg2
Qxc4 35. Rc1 Qe6+ 36. Kh2 c5 37. Nh3 e4 38. Qd2 Rxf3 39. Nxg5 Qe5+ 40. Kh1 Rd3
41. Qf2 Rxg5 42. Rxg5 Rh3+ 0-1

[Event "Druga liga Srbije grupa Vojvodina 2015"]
[Site "Novi Sad"]
[Date "2015.11.10"]
[Round "1.5"]
[White "Desnica, Vladan"]
[Black "Mik, Aurel"]
[Result "1-0"]
[WhiteElo "2269"]
[BlackElo "2062"]
[PlyCount "95"]
[EventDate "2015.11.10"]

1. d4 Nf6 2. c4 e6 3. Nc3 d5 4. cxd5 exd5 5. Bg5 Be7 6. e3 c6 7. Bd3 Bg4 8. Qc2
Bh5 9. Nge2 Bg6 10. O-O Bxd3 11. Qxd3 O-O 12. f3 Nbd7 13. Rad1 h6 14. Bh4 Re8
15. e4 dxe4 16. fxe4 Nh7 17. Bxe7 Qxe7 18. Ng3 Rad8 19. Nf5 Qe6 20. Qg3 Qg6 21.
Qc7 Qe6 22. Qg3 Qg6 23. Qxg6 fxg6 24. Nd6 Re6 25. e5 b6 26. Nce4 c5 27. d5 Re7
28. e6 Ndf6 29. h3 Rc7 30. Rfe1 Re7 31. a4 Nf8 32. Nf7 Rxf7 33. exf7+ Kxf7 34.
Nc3 a6 35. Kf2 Rd6 36. b3 N8d7 37. Re2 Nf8 38. Kf3 N8d7 39. Rdd2 Nf8 40. Ne4
Rxd5 41. Nd6+ Kg8 42. Rxd5 Nxd5 43. Re8 Nf6 44. Rb8 N6d7 45. Rb7 Ne5+ 46. Ke4
Nfd7 47. Nc4 Nxc4 48. bxc4 1-0

[Event "Druga liga Srbije grupa Vojvodina 2015"]
[Site "Novi Sad"]
[Date "2015.11.10"]
[Round "1.5"]
[White "Zegarac, Vuk"]
[Black "Banovic, Ivan"]
[Result "0-1"]
[WhiteElo "2143"]
[BlackElo "2185"]
[PlyCount "153"]
[EventDate "2015.11.10"]

1. d4 Nf6 2. Nc3 d5 3. Bg5 Nbd7 4. Nf3 h6 5. Bh4 e6 6. e3 Be7 7. Bd3 c5 8. O-O
O-O 9. Re1 a6 10. a4 b6 11. Ne5 Nxe5 12. dxe5 Nd7 13. Bxe7 Qxe7 14. f4 Bb7 15.
e4 d4 16. Ne2 f6 17. exf6 Qxf6 18. Rf1 e5 19. f5 Qh4 20. Ng3 Nf6 21. Qe2 Ng4
22. h3 Ne3 23. Rf3 b5 24. b3 Rfc8 25. c4 bxa4 26. Rxa4 Rab8 27. Nf1 Nxf1 28.
Rxf1 Qf6 29. Rf3 Rc6 30. Rg3 Qf7 31. b4 cxb4 32. Rxb4 Rbc8 33. Qb2 R8c7 34. Rb6
Bc8 35. Rxc6 Rxc6 36. Qb8 Qc7 37. Qb3 Kh7 38. Qa3 Qd6 39. Qa5 Qc7 40. Qa3 Qd6
41. Qa4 Qc7 42. Kh2 a5 43. Be2 Ba6 44. Rg6 Rxg6 45. fxg6+ Kxg6 46. Qe8+ Kf6 47.
Bh5 Bxc4 48. Qg6+ Ke7 49. Qxg7+ Kd6 50. Qxh6+ Kc5 51. Qf8+ Qd6 52. Qc8+ Kb4 53.
Qb7+ Kc3 54. Qb1 d3 55. Qa1+ Kb4 56. Qb2+ Bb3 57. Qd2+ Kb5 58. Be8+ Kb6 59. Qb2
Qb4 60. Qxe5 d2 61. Qb8+ Kc5 62. Qe5+ Kb6 63. Qb8+ Kc5 64. Qe5+ Kc4 65. Bf7+
Kd3 66. Bh5 d1=Q 67. Bxd1 Bxd1 68. Qd5+ Kc2 69. Qa2+ Kc3 70. Qa1+ Kd2 71. Qa2+
Ke3 72. Qd5 Bb3 73. Qc6 a4 74. Qh6+ Kd3 75. e5 Qe4 76. Qd6+ Kc2 77. Qc5+ 0-1